| 000 | 00552nam a2200241 a 4500 | ||
|---|---|---|---|
| 001 | nice12345678 | ||
| 003 | IN_TiNIC | ||
| 005 | 20260116011251.0 | ||
| 008 | 050524s1965 lona grp 000 0 eng | ||
| 020 |
_a _c100 |
||
| 082 | 0 | 0 |
_a230 _bBLA1 |
| 100 | _aBlamires, Harry | ||
| 245 | _aDefence of Dogmatism | ||
| 260 |
_aLondon _bSPCK _c1965 |
||
| 300 | _a131p | ||
| 500 | _aincludes index and biblioraphy | ||
| 505 | 2 | _aIndex | |
| 650 | _aTheology-Doctrinal | ||
| 700 | 1 | _aBlamires, Harry | |
| 902 | _bSRS | ||
| 942 | _cBK | ||
| 999 |
_c15 _d15 |
||